Geography Quiz

Random Geography or City Quiz
Score 0/18 Timer 08:00
0 Plays Today
% Correct
Berlin, Germany
98.1%
Amsterdam, Netherlands
75.1%
Khartoum, Sudan
72.1%
Damascus, Syria
71.7%
La Paz, Bolivia
66.5%
Taipei, Taiwan
62.1%
Ottawa, Canada
60.8%
Bishkek, Kyrgyzstan
54.6%
Baghdad, Iraq
53.8%
% Correct
London, United Kingdom
45.1%
Rome, Italy
38.8%
Algiers, Algeria
36.4%
San Salvador, El Salvador
34.1%
Havana, Cuba
33.7%
Thimphu, Bhutan
31.7%
Bratislava, Slovakia
31%
Ulaanbaatar, Mongolia
26.4%
Monrovia, Liberia
17%
Remove Ads.
Support Sporcle.
Get the best of Sporcle when you Go Orange. This ad-free experience offers more features, more stats, and more fun while also helping to support Sporcle. Thank you for becoming a member.

You're not logged in!

Compare scores with friends on all Sporcle quizzes.
OR
Log In

Show Comments

Extras

Top Quizzes Today


Score Distribution

Your Account Isn't Verified!

In order to create a playlist on Sporcle, you need to verify the email address you used during registration. Go to your Sporcle Settings to finish the process.

Report this User

Report this user for behavior that violates our Community Guidelines.

Details: